• 首页
  • 本馆介绍
  • 公告通知
  • 最新文献
  • 馆藏检索
  • 电子资源
  • 读者导购
  • 参考咨询
  • 我的图书馆
  • 登录
  • 详细信息显示
  • 放入我的书架
  • 预约/预借图书
  • 作者相关作品
  • 分类相关作品
  • 丛书相关作品
  • 出版社相关作品

书目信息

  • 表格格式
  • 工作单格式
  • 卡片格式
题名:
现代广告学
    
 
作者: 何修猛 编著
分册:  
出版信息: 上海   复旦大学出版社  2002
页数: 349页
开本: 23cm
丛书名: 博学·广告学系列
单 册:
中图分类: F713.80
科图分类:
主题词: 商业经济--国内
电子资源:
ISBN: 7-309-03165-2
000 00640nam0 2200229 450
001 0638126250
005 20070623160315.20
010    @a7-309-03165-2@dCNY32.00
100    @a20060314d2002 km y0chiy0120 ea
101 0  @achi
102    @aCN@b310000
200 1  @a现代广告学@Axian dai guang gao xue@f何修猛编著@Fhe xiu meng bian zhu
205    @a4版
210    @a上海@c复旦大学出版社@d2002
215    @a349页@d23cm
225    @a博学·广告学系列
410  0 @12001 @a博学·广告学系列
606 0  @a商业经济@x国内
690    @aF713.80@v4
701  0 @a何修猛@Ahe xiu meng@4编著
801  0 @aCN@bPFT@c20070623
905    @a10447@dF713.80@e119=4
    
    现代广告学/何修猛编著.-4版.-上海:复旦大学出版社,2002
    349页;23cm.-(博学·广告学系列)
    
    
    ISBN 7-309-03165-2:CNY32.00
    
●
相关链接 在E读中查询图书 在五车中查询图书 在当当中查询图书 在豆瓣中查询图书


正题名:现代广告学     索取号:F713.80/119=4         预约/预借

序号 登录号 条形码 馆藏地/架位号 状态 备注
1 0339637   203396379   第一样本阅览室/ [索取号:F713.80/119=4] 在馆    
2 0339638   203396388   第一借阅区/ [索取号:F713.80/119=4] 在馆    
3 0339639   203396397   第一借阅区/ [索取号:F713.80/119=4] 在馆    
4 0339640   203396404   第一借阅区/ [索取号:F713.80/119=4] 在馆    
5 0339641   203396413   第一借阅区/ [索取号:F713.80/119=4] 在馆    
6 0493977   204939772   密集书库/ [索取号:F713.80/119=4] 在馆    
7 0493978   204939781   密集书库/ [索取号:F713.80/119=4] 在馆    
8 0493979   204939790   密集书库/ [索取号:F713.80/119=4] 在馆    
9 0493980   204939807   密集书库/ [索取号:F713.80/119=4] 在馆    
10 0493981   204939816   密集书库/ [索取号:F713.80/119=4] 在馆    
11 0493982   204939825   密集书库/ [索取号:F713.80/119=4] 在馆    
12 0493983   204939834   密集书库/ [索取号:F713.80/119=4] 在馆    
13 0501973   205019736   密集书库/ [索取号:F713.80/119=4] 在馆    
14 0678355   206783550   库房3/ [索取号:F713.80/119=4] 在馆    
15 0678356   206783569   库房3/ [索取号:F713.80/119=4] 在馆    
16 0678357   206783578   库房3/ [索取号:F713.80/119=4] 在馆    
17 0678358   206783587   库房3/ [索取号:F713.80/119=4] 在馆    
18 0678359   206783596   库房3/ [索取号:F713.80/119=4] 在馆    
19 0678360   206783603   库房3/ [索取号:F713.80/119=4] 在馆    
20 0678361   206783612   库房3/ [索取号:F713.80/119=4] 在馆    
21 0678362   206783621   库房3/ [索取号:F713.80/119=4] 在馆    
22 0678363   206783630   库房3/ [索取号:F713.80/119=4] 在馆    
23 0678364   206783649   库房3/ [索取号:F713.80/119=4] 在馆    
24 0678365   206783658   库房3/ [索取号:F713.80/119=4] 在馆    
25 0678366   206783667   库房3/ [索取号:F713.80/119=4] 在馆    
26 0678367   206783676   库房3/ [索取号:F713.80/119=4] 在馆    
27 0678368   206783685   库房3/ [索取号:F713.80/119=4] 在馆    
28 0678369   206783694   库房3/ [索取号:F713.80/119=4] 在馆    
29 0678370   206783701   库房3/ [索取号:F713.80/119=4] 在馆    
30 0678371   206783710   库房3/ [索取号:F713.80/119=4] 在馆    
31 0678372   206783729   库房3/ [索取号:F713.80/119=4] 在馆    
32 0678373   206783738   库房3/ [索取号:F713.80/119=4] 在馆    
33 0678374   206783747   库房3/ [索取号:F713.80/119=4] 在馆    
34 0678375   206783756   库房3/ [索取号:F713.80/119=4] 在馆    
唐山师范学院图书馆 欢迎您!
大连网信软件有限公司© 版权所有